Quiz o fikcyjnych miastach - Statystyki

Ogólne statystyki
  • Ten quiz został rozwiązany 13 razy
  • Średni wynik to 6 z 22
Statystyki odpowiedzi
Miasto Dzieło fikcyjne % Poprawnych
Gotham City Batman
92%
Vice City Grand Theft Auto
92%
Hogsmeade Harry Potter
75%
Minas Tirith Władca Pierścieni
67%
Bikini Dolne SpongeBob kanciastoporty
58%
Metropolis Superman
50%
Cloud City Gwiezdne Wojny
42%
Duloc Shrek
42%
Zion Matrix
33%
Springfield Simpsonowie
33%
Quahog Głowa rodziny
17%
Bedrock Flintstonowie
8%
New New York Futurama
8%
Kakariko Village Legend of Zelda
8%
Arlen, Teksas Bobby kontra wapniaki
0%
Sunnydale, CA Buffy: Postrach wampirów
0%
Emerald City Czarnoksiężnik z Oz
0%
Bon Temps Czysta krew
0%
Amity Island Jaws
0%
Orbit City Jetsonowie
0%
Hill Valley, CA Powrót do przyszłości
0%
Mayberry The Andy Griffith Show
0%
Nie znaleziono quizów pasujących do podanych kryteriów
Rozkład punktacji
Procent ludzi z każdym wynikiem
Percentyl według liczby udzielonych odpowiedzi
Twoja historia wyników
Nie rozwiązałeś tego quizu